Come-back Matičného čítania

Bibliographic Details
Main Author: XYZ, 1849-1913 (Author)
Format: Article
Language:Slovak
Subjects:

MARC

LEADER 00000nab a2200000uu 4500
001 vtls011524158
003 SK-MaSNL
005 20260303204411.0
008 230704|1969 xo |||||||||||||||||slo|
015 |a SNBRB 
035 |a (urnnbn)urn:nbn:sk:snk:ar-0028s8 
035 |a (uuid)637e244d-ccbb-4634-adda-979ab38d21ff 
035 |a urn:nbn:sk:snk-abebrh 
040 |a SNKBUCL  |b slo  |c SNKBUCL  |e AACR2 
041 0 |a slo 
044 |a xo  |c SK 
100 0 |a XYZ,  |d 1849-1913  |4 aut  |9 187881 
245 1 0 |a Come-back Matičného čítania  |c xyz 
630 0 7 |a Matičné čítanie (časopis)  |2 SNK  |9 1202658 
655 7 |a glosy  |2 SNK  |9 28645 
773 0 |t Slovenské pohľady  |g Roč. 85, č. 1 (1969), s. 131-132 
850 |a Slovenská národná knižnica 
852 |a Slovenská národná knižnica 
954 |a odborná, vedecká literatúra pôvodná (slovenská)  |2 lita 
958 |a OND 
958 |a EUIPO 
958 |a article21 
999 |c 2189821  |d 2191751